LIBRARY & INFORMATION CENTRE, KCAET, TAVANUR

ONLINE PUBLIC ACCESS CATALOGUE (OPAC)

Food packaging science and technology / (Record no. 14012)

MARC details
000 -LEADER
fixed length control field 00445cam a2200169 a 4500
020 ## - INTERNATIONAL STANDARD BOOK NUMBER
ISBN 9780824727796 (alk. paper)
020 ## - INTERNATIONAL STANDARD BOOK NUMBER
ISBN 0824727797 (alk. paper)
082 00 - DEWEY DECIMAL CLASSIFICATION NUMBER
Classification number 664/.09
100 1# - MAIN ENTRY--AUTHOR NAME
Personal name Lee, Dong Sun.
245 10 - TITLE STATEMENT
Title Food packaging science and technology /
260 ## - PUBLICATION, DISTRIBUTION, ETC. (IMPRINT)
Place of publication Boca Raton :
Name of publisher CRC Press,
Year of publication c2008.
300 ## - PHYSICAL DESCRIPTION
Number of Pages xxiv, 631 p. :
Other physical details ill. ;
650 #0 - SUBJECT ADDED ENTRY--TOPICAL TERM
Topical Term Food
700 1# - ADDED ENTRY--PERSONAL NAME
Personal name Yam, Kit L.
700 1# - ADDED ENTRY--PERSONAL NAME
Personal name Piergiovanni, Luciano,
942 ## - ADDED ENTRY ELEMENTS (KOHA)
Koha item type Reference
Holdings
Withdrawn status Lost status Damaged status Collection code Home library Current library Shelving location Date acquired Source of acquisition Full call number Accession Number Koha item type
      Reference KAUAET KAUAET Reference 30/03/2013 Univeral Reserch books, Trichur 664.09 LEE/FO 23934 Reference
free website counter